| 000 | 003550000a22000970004500 | ||
|---|---|---|---|
| 245 | 1 | 0 | _aDocentes para la virtualidad |
| 300 | _aVol.0, núm.4 (marzo-mayo, 2005), Página 7 | ||
| 520 | _a2.800 docentes colombianos se capacitan en 2005 en el manejo de Ambientes Virtuales de Aprendizaje. | ||
| 773 | 0 | _tEducación superior : Boletín informativo | |
| 942 | _cANA | ||
| 999 |
_c61184 _d61184 |
||